书目信息 |
| 题名: |
你的灯亮着吗?-发现问题的真正所在
|
|
| 作者: | 高斯 , 温伯格 著 | |
| 分册: | ||
| 出版信息: | 北京 清华大学出版社 2003.09 |
|
| 页数: | 121页 | |
| 开本: | 20cm | |
| 丛书名: | ||
| 单 册: | ||
| 中图分类: | C93-49 | |
| 科图分类: | ||
| 主题词: | 管理学 | |
| 电子资源: | ||
| ISBN: | 7-302-06888-7 | |
| 000 | 00643nam0 2200205 45 | |
| 001 | 0455526195 | |
| 005 | 2004042915252412 | |
| 010 | @a7-302-06888-7@dCNY 25.00 | |
| 100 | @a20040429d2003 km y0chiy0120 ea | |
| 101 | 0 | @achi |
| 102 | @aCN@b110000 | |
| 200 | 1 | @a你的灯亮着吗?-发现问题的真正所在@ANi De Deng Liang Zhe Ma?-Fa Xian Wen Ti De Zhen Zheng Suo Zai@f(美)高斯,(美)温伯格著@F(Mei)Gao Si,(Mei)Wen Bo Ge Zhu |
| 210 | @a北京@c清华大学出版社@d2003.09 | |
| 215 | @a121页@d20cm | |
| 606 | 0 | @a管理学 |
| 690 | @aC93-49@v3 | |
| 701 | 0 | @a高斯@AGao Si@4著 |
| 701 | 0 | @a温伯格@AWen Bo Ge@4著 |
| 801 | 0 | @aCN@bPFT@c20040429 |
| 905 | @dC93-49@eG173 | |
| 你的灯亮着吗?-发现问题的真正所在/(美)高斯,(美)温伯格著.-北京:清华大学出版社,2003.09 |
| 121页;20cm |
| ISBN 7-302-06888-7:CNY 25.00 |
| ● |
| 相关链接 |
|
|
|
正题名:你的灯亮着吗?-发现问题的真正所在
索取号:C93-49/G173
 
预约/预借
| 序号 | 登录号 | 条形码 | 馆藏地/架位号 | 状态 | 备注 |
| 1 | 380408 | 203804080 | 社科库509/509社科库 64排4列3层/ [索取号:C93-49/G173] | 在馆 | |
| 2 | 380409 | 203804099 | 社科库509/509社科库 64排4列3层/ [索取号:C93-49/G173] | 在馆 | |
| 3 | 380410 | 203804106 | 社科库509/509社科库 64排4列3层/ [索取号:C93-49/G173] | 在馆 |